چہٹی عرب اسرائیل جنگ (Record no. 13573)
[ view plain ]
| 000 -LEADER | |
|---|---|
| fixed length control field | 00388nam a22001217a 4500 |
| 082 ## - DEWEY DECIMAL CLASSIFICATION NUMBER | |
| Classification number | 891.47741 |
| 100 ## - MAIN ENTRY--AUTHOR NAME | |
| Personal name | نصرت مرزا |
| 245 ## - TITLE STATEMENT | |
| Title | چہٹی عرب اسرائیل جنگ |
| Remainder of title | حزب الله کے ہاتھوں اسرائیل کی شکست |
| 260 ## - PUBLICATION, DISTRIBUTION, ETC. (IMPRINT) | |
| Place of publication | کراچی |
| Name of publisher | رابطہ پبلیکیشنز |
| Year of publication | ٢٠٠٦ |
| 300 ## - PHYSICAL DESCRIPTION | |
| Number of Pages | 368 صفحات |
| 650 ## - SUBJECT ADDED ENTRY--TOPICAL TERM | |
| Topical Term | Arab-Israel, War, |
| 942 ## - ADDED ENTRY ELEMENTS (KOHA) | |
| Koha item type | Books |
| Withdrawn status | Lost status | Collection code | Permanent Location | Current Location | Shelving location | Date acquired | Full call number | Accession Number | Koha item type |
|---|---|---|---|---|---|---|---|---|---|
| | | Urdu Literature | MAJU | MAJU | Shelf No.A11 | 2022-12-16 | 891.47741 | 10703 | Books |